Triết học văn hóa trong đạo đức Hồ Chí Minh (Hưởng ứng cuộc vận động học tập và làm theo tấm gương đạo đức Hồ Chí Minh)

Nội dung tài liệu tìm hiểu về triết lí phát triển trong quan niệm của Hồ Chí Minh. Vấn đề đạo đức Hồ Chí Minh với văn hoá ứng xử và triết học ứng dụng. Một số kiến giải của Hồ Chí Minh về triết học văn hoá...

Descripció completa

Guardat en:
Dades bibliogràfiques
Autor principal: Hồ, Sĩ Vịnh
Format: Llibre
Idioma:Undetermined
Publicat: Hà Nội Dân trí 2014
Matèries:
Etiquetes: Afegir etiqueta
Sense etiquetes, Sigues el primer a etiquetar aquest registre!
Thư viện lưu trữ: Trung tâm Học liệu Trường Đại học Cần Thơ
LEADER 01114nam a2200229Ia 4500
001 CTU_196531
008 210402s9999 xx 000 0 und d
020 |c 30000 
082 |a 335.4346 
082 |b V312 
100 |a Hồ, Sĩ Vịnh 
245 0 |a Triết học văn hóa trong đạo đức Hồ Chí Minh 
245 0 |b (Hưởng ứng cuộc vận động học tập và làm theo tấm gương đạo đức Hồ Chí Minh) 
245 0 |c Hồ Sĩ Vịnh 
260 |a Hà Nội 
260 |b Dân trí 
260 |c 2014 
520 |a Nội dung tài liệu tìm hiểu về triết lí phát triển trong quan niệm của Hồ Chí Minh. Vấn đề đạo đức Hồ Chí Minh với văn hoá ứng xử và triết học ứng dụng. Một số kiến giải của Hồ Chí Minh về triết học văn hoá 
650 |a Communist ethics,Đạo đức cộng sản 
650 |z Vietnam,Việt Nam 
904 |i Bằng 
980 |a Trung tâm Học liệu Trường Đại học Cần Thơ